| 000 | 00604nam a22001817a 4500 | ||
|---|---|---|---|
| 999 |
_c181818 _d181818 |
||
| 005 | 20221018153923.0 | ||
| 020 |
_a9789390531073 _c750.00 |
||
| 035 | _aB-746021 | ||
| 037 | _bPearson | ||
| 082 | _a380 | ||
| 100 | _aMadaan, K V S | ||
| 245 |
_aNTA UGC NET SET JRF Commerce: Paper II/ _cby K V S Madaan |
||
| 260 |
_aNoida, U.P. _bPearson _c2021 |
||
| 270 |
_a15th Floor, Tower-B, World Trade Tower, Plot No. 1, Block-C, Sector-16 _bNoida, U.P. _e201301 |
||
| 300 |
_avp. _c25cm(pbk) |
||
| 942 |
_2ddc _cEN _mMAD _h380 |
||